000
00268nam a2200121Ia 4500
008
190216s9999||||xx |||||||||||||| ||und||
100
_a
Francis Cherunilam
245
0
_a
Industrial Finance
260
_b
Null
_c
1987
300
_a
215p
650
_a
Commerce
942
_c
BK
999
_c
5381
_d
5381